Governance matters (Record no. 70003)

000 -LEADER
fixed length control field 00485nam a22001697a 4500
008 - FIXED-LENGTH DATA ELEMENTS--GENERAL INFORMATION
fixed length control field 250411b |||||||| |||| 00| 0 eng d
020 ## - INTERNATIONAL STANDARD BOOK NUMBER
International Standard Book Number 9789671227008
082 ## - DEWEY DECIMAL CLASSIFICATION NUMBER
Call number 658.4 Muh
Item number -
Copy/Volume Vol 1
100 ## - MAIN ENTRY--PERSONAL NAME
Personal name Shireen Muhiudeen
245 ## - TITLE STATEMENT
Title Governance matters
Statement of responsibility, etc. / Muhiudeen Shireen
260 ## - PUBLICATION, DISTRIBUTION, ETC.
Place of publication, distribution, etc. Kuala Lumpur
Name of publisher, distributor, etc. Carston-Smith Asset Management Sdn Bhd
Date of publication, distribution, etc. 2013
365 ## - TRADE PRICE
Price Gift
490 ## - SERIES STATEMENT
Series statement Vol 1
600 ## - SUBJECT ADDED ENTRY--PERSONAL NAME
Personal name Industrial management
600 ## - SUBJECT ADDED ENTRY--PERSONAL NAME
Personal name Corporate governance
942 ## - ADDED ENTRY ELEMENTS (KOHA)
Source of classification or shelving scheme
Koha item type Book
Holdings
Withdrawn status Lost status Source of classification or shelving scheme Damaged status Not for loan Home library Current library Date acquired Source of acquisition Full call number Barcode Date last seen Price effective from Koha item type
          Malaysian Public Library, Research and Development Centre Malaysian Public Library, Research and Development Centre 10/04/2025 Gift 658.4 Muh E0005179 11/04/2025 11/04/2025 Book
          Malaysian Public Library, Research and Development Centre Malaysian Public Library, Research and Development Centre 10/04/2025 Gift 658.4 Muh E0005180 11/04/2025 11/04/2025 Book

© 2022. Malaysian Public Library, Research and Development Centre. All Right ReservedE-mailmplrdc@help.edu.my 

Powered by Koha